| 000 | 004560000a22001690004500 | ||
|---|---|---|---|
| 041 | 0 | _aENG | |
| 082 | 0 | 4 | _aG 266.3 C7761n |
| 100 | 1 | _aCooper, Clay | |
| 245 | 1 | 0 | _aNothing to win but the world : Missions at the crossroad / Clay Cooper |
| 260 | _aGrand Rapids, MI., USA : Zondervan | ||
| 300 | _a152 Pag | ||
| 001 | 7625 | ||
| 942 | _cBK | ||
| 999 |
_c37832 _d37832 |
||
| 336 |
_atexto _btxt _2rdacontent |
||
| 337 |
_2rdamedia _asin mediación _bn |
||
| 338 |
_2rdacarrier _avolumen _bnc |
||